[Event "II Open Internacional Blitz Quart de Pob"]
[Site "Quart de Poblet, Spain"]
[Date "2019.08.10"]
[Round "7.9"]
[White "Chernikov, Vladimir"]
[Black "Redondo Flores, David"]
[Result "0-1"]
[WhiteElo "2052"]
[BlackElo "2009"]
[PlyCount "102"]
[EventDate "2019.??.??"]

1. c4 {[%clk 00:07:06]  [%emt 00:01:18]} 1... e5 {
[%clk 00:07:05]  [%emt 00:00:02]} 2. Nc3 {[%clk 00:07:08]  [%emt 00:00:01]}
2... Nf6 {[%clk 00:07:06]  [%emt 00:00:01]} 3. Nf3 {[%clk 00:07:10]} 3... e4 {
[%clk 00:06:51]  [%emt 00:00:18]} 4. Ng5 {[%clk 00:07:11]  [%emt 00:00:01]}
4... d5 {[%clk 00:06:08]  [%emt 00:00:46]} 5. cxd5 {
[%clk 00:07:13]  [%emt 00:00:02]} 5... Nxd5 {[%clk 00:06:08]  [%emt 00:00:03]}
6. Ngxe4 {[%clk 00:07:08]  [%emt 00:00:08]} 6... Bf5 {
[%clk 00:05:53]  [%emt 00:00:18]} 7. Nxd5 {[%clk 00:07:03]  [%emt 00:00:08]}
7... Qxd5 {[%clk 00:05:46]  [%emt 00:00:10]} 8. Nc3 {
[%clk 00:07:05]  [%emt 00:00:01]} 8... Qe6 {[%clk 00:05:32]  [%emt 00:00:15]}
9. g3 {[%clk 00:06:42]  [%emt 00:00:28]} 9... Bb4 {
[%clk 00:05:17]  [%emt 00:00:19]} 10. Bg2 {[%clk 00:06:39]  [%emt 00:00:05]}
10... Nc6 {[%clk 00:05:11]  [%emt 00:00:09]} 11. O-O {
[%clk 00:06:13]  [%emt 00:00:29]} 11... Bh3 {[%clk 00:05:12]  [%emt 00:00:02]}
12. Nd5 {[%clk 00:06:02]  [%emt 00:00:14]} 12... Bd6 {
[%clk 00:05:06]  [%emt 00:00:09]} 13. Bxh3 {[%clk 00:04:58]  [%emt 00:01:08]}
13... Qxh3 {[%clk 00:05:08]  [%emt 00:00:02]} 14. Qa4 {
[%clk 00:04:53]  [%emt 00:00:08]} 14... h5 {[%clk 00:04:47]  [%emt 00:00:24]}
15. Qe4+ {[%clk 00:04:53]  [%emt 00:00:03]} 15... Kf8 {
[%clk 00:04:30]  [%emt 00:00:20]} 16. Nf4 {[%clk 00:04:31]  [%emt 00:00:25]}
16... Bxf4 {[%clk 00:04:18]  [%emt 00:00:16]} 17. Qxf4 {
[%clk 00:04:32]  [%emt 00:00:01]} 17... Re8 {[%clk 00:03:39]  [%emt 00:00:42]}
18. d4 {[%clk 00:03:22]  [%emt 00:01:13]} 18... Rh6 {
[%clk 00:03:02]  [%emt 00:00:41]} 19. Be3 {[%clk 00:03:14]  [%emt 00:00:11]}
19... h4 {[%clk 00:02:49]  [%emt 00:00:16]} 20. g4 {
[%clk 00:02:43]  [%emt 00:00:34]} 20... Rf6 {[%clk 00:02:47]  [%emt 00:00:04]}
21. Qg5 {[%clk 00:01:49]  [%emt 00:00:57]} 21... Rg6 {
[%clk 00:02:29]  [%emt 00:00:21]} 22. Qc5+ {[%clk 00:01:52]  [%emt 00:00:01]}
22... Kg8 {[%clk 00:02:25]  [%emt 00:00:07]} 23. f3 {
[%clk 00:01:40]  [%emt 00:00:15]} 23... Rxe3 {[%clk 00:02:26]  [%emt 00:00:02]}
24. d5 {[%clk 00:01:42]} 24... Rxe2 {[%clk 00:02:15]  [%emt 00:00:14]} 25. Rf2
{[%clk 00:01:44]} 25... Rxf2 {[%clk 00:02:06]  [%emt 00:00:12]} 26. Qxf2 {
[%clk 00:01:33]  [%emt 00:00:14]} 26... Ne5 {[%clk 00:02:02]  [%emt 00:00:07]}
27. Rf1 {[%clk 00:01:35]  [%emt 00:00:01]} 27... Rf6 {
[%clk 00:01:56]  [%emt 00:00:09]} 28. f4 {[%clk 00:01:14]  [%emt 00:00:24]}
28... Nxg4 {[%clk 00:01:55]  [%emt 00:00:04]} 29. Qe2 {
[%clk 00:01:15]  [%emt 00:00:02]} 29... Ne3 {[%clk 00:01:31]  [%emt 00:00:27]}
30. Rf3 {[%clk 00:01:02]  [%emt 00:00:15]} 30... Rg6+ {
[%clk 00:01:23]  [%emt 00:00:12]} 31. Kh1 {[%clk 00:01:02]  [%emt 00:00:03]}
31... Qg2+ {[%clk 00:01:16]  [%emt 00:00:10]} 32. Qxg2 {
[%clk 00:01:02]  [%emt 00:00:03]} 32... Nxg2 {[%clk 00:01:17]  [%emt 00:00:02]}
33. f5 {[%clk 00:00:45]  [%emt 00:00:20]} 33... Rg5 {
[%clk 00:01:13]  [%emt 00:00:08]} 34. Rc3 {[%emt 00:00:22]} 34... Ne1 {
[%clk 00:01:01]} 35. Rxc7 {[%clk 00:00:25]  [%emt 00:00:18]} 35... Nf3 {
[%clk 00:01:01]  [%emt 00:00:03]} 36. Rc8+ {[%clk 00:00:26]  [%emt 00:00:01]}
36... Kh7 {[%clk 00:01:02]  [%emt 00:00:02]} 37. Rc1 {
[%clk 00:00:28]  [%emt 00:00:01]} 37... Rxf5 {[%clk 00:01:00]  [%emt 00:00:05]}
38. Rf1 {[%clk 00:00:21]  [%emt 00:00:10]} 38... Nd4 {
[%clk 00:00:49]  [%emt 00:00:14]} 39. Rd1 {[%clk 00:00:16]  [%emt 00:00:08]}
39... Rxd5 {[%clk 00:00:51]  [%emt 00:00:01]} 40. Kg2 {[%clk 00:00:18]} 40...
g5 {[%clk 00:00:52]  [%emt 00:00:02]} 41. Kf2 {[%clk 00:00:19]  [%emt 00:00:02]
} 41... f5 {[%clk 00:00:54]  [%emt 00:00:02]} 42. Kg2 {
[%clk 00:00:18]  [%emt 00:00:04]} 42... Kg6 {[%clk 00:00:55]  [%emt 00:00:02]}
43. b3 {[%clk 00:00:18]  [%emt 00:00:03]} 43... g4 {
[%clk 00:00:51]  [%emt 00:00:07]} 44. Kf2 {[%clk 00:00:19]  [%emt 00:00:02]}
44... f4 {[%clk 00:00:52]  [%emt 00:00:02]} 45. Kg2 {
[%clk 00:00:21]  [%emt 00:00:02]} 45... f3+ {[%clk 00:00:50]  [%emt 00:00:05]}
46. Kf2 {[%clk 00:00:23]} 46... Kf5 {[%clk 00:00:51]  [%emt 00:00:02]} 47. Rd2
{[%clk 00:00:23]  [%emt 00:00:03]} 47... Kf4 {[%clk 00:00:49]  [%emt 00:00:05]}
48. b4 {[%clk 00:00:24]  [%emt 00:00:03]} 48... g3+ {[%clk 00:00:51]} 49. hxg3+
{[%clk 00:00:26]} 49... hxg3+ {[%clk 00:00:53]  [%emt 00:00:01]} 50. Kf1 {
[%clk 00:00:27]  [%emt 00:00:01]} 50... g2+ {[%clk 00:00:51]  [%emt 00:00:05]}
51. Kf2 {[%clk 00:00:28]  [%emt 00:00:02]} 51... Ne2 {[%emt 00:00:25]} 0-1

[Event "II Open Internacional Blitz Quart de Pob"]
[Site "Quart de Poblet, Spain"]
[Date "2019.08.10"]
[Round "8.1"]
[White "Buenafe Moya, Javier"]
[Black "Kovacevic, Slobodan"]
[Result "0-1"]
[WhiteElo "2117"]
[BlackElo "2395"]
[PlyCount "90"]
[EventDate "2019.??.??"]

1. c4 {[%clk 00:07:04]} 1... c5 {[%clk 00:07:06]  [%emt 00:00:09]} 2. Nc3 {
[%clk 00:07:04]} 2... Nf6 {[%clk 00:07:07]} 3. g3 {
[%clk 00:07:04]  [%emt 00:00:04]} 3... e6 {[%clk 00:07:09]} 4. Bg2 {
[%clk 00:07:05]} 4... a6 {[%clk 00:07:11]  [%emt 00:00:05]} 5. d3 {
[%clk 00:06:56]  [%emt 00:00:06]} 5... Qc7 {[%clk 00:07:10]  [%emt 00:00:08]}
6. e4 {[%clk 00:06:56]  [%emt 00:00:05]} 6... d6 {[%clk 00:07:12]} 7. Nge2 {
[%clk 00:06:57]} 7... Be7 {[%clk 00:07:13]} 8. O-O {
[%clk 00:06:58]  [%emt 00:00:08]} 8... O-O {[%clk 00:07:15]} 9. Rb1 {
[%clk 00:06:57]} 9... Nc6 {[%clk 00:07:17]} 10. a3 {
[%clk 00:06:58]  [%emt 00:00:05]} 10... Rb8 {[%clk 00:07:19]} 11. b4 {
[%clk 00:06:57]} 11... cxb4 {[%clk 00:07:21]  [%emt 00:00:04]} 12. axb4 {
[%clk 00:06:59]} 12... b5 {[%clk 00:07:24]} 13. cxb5 {
[%clk 00:06:42]  [%emt 00:00:19]} 13... axb5 {[%clk 00:07:26]} 14. d4 {
[%clk 00:06:21]  [%emt 00:00:25]} 14... Na7 {[%clk 00:06:56]  [%emt 00:00:36]}
15. Be3 {[%clk 00:06:03]  [%emt 00:00:17]} 15... Qd7 {
[%clk 00:06:26]  [%emt 00:00:37]} 16. Qd3 {[%clk 00:05:54]  [%emt 00:00:09]}
16... Nc6 {[%clk 00:06:11]  [%emt 00:00:18]} 17. d5 {
[%clk 00:04:59]  [%emt 00:01:02]} 17... Ne5 {[%clk 00:05:59]  [%emt 00:00:11]}
18. Qd4 {[%clk 00:04:15]  [%emt 00:00:47]} 18... exd5 {
[%clk 00:05:54]  [%emt 00:00:13]} 19. Nxd5 {[%clk 00:04:06]  [%emt 00:00:06]}
19... Nxd5 {[%clk 00:05:56]  [%emt 00:00:06]} 20. exd5 {
[%clk 00:03:53]  [%emt 00:00:12]} 20... Bf6 {[%clk 00:05:50]  [%emt 00:00:08]}
21. Qf4 {[%clk 00:02:14]  [%emt 00:01:43]} 21... Re8 {
[%clk 00:05:38]  [%emt 00:00:14]} 22. Nd4 {[%clk 00:02:01]  [%emt 00:00:16]}
22... Nc4 {[%clk 00:05:27]  [%emt 00:00:15]} 23. Nc6 {
[%clk 00:01:54]  [%emt 00:00:10]} 23... Ra8 {[%clk 00:05:28]  [%emt 00:00:05]}
24. Bd4 {[%clk 00:01:51]  [%emt 00:00:05]} 24... Bxd4 {
[%clk 00:03:57]  [%emt 00:01:35]} 25. Qxd4 {[%clk 00:01:52]  [%emt 00:00:05]}
25... Bb7 {[%clk 00:03:56]} 26. Rfe1 {[%clk 00:01:45]  [%emt 00:00:07]} 26...
h6 {[%clk 00:03:50]  [%emt 00:00:14]} 27. h4 {[%clk 00:01:33]  [%emt 00:00:11]}
27... Na3 {[%clk 00:03:32]  [%emt 00:00:21]} 28. Rxe8+ {
[%clk 00:01:23]  [%emt 00:00:13]} 28... Rxe8 {[%clk 00:03:32]  [%emt 00:00:10]}
29. Rc1 {[%clk 00:01:24]} 29... Nc4 {[%clk 00:03:18]  [%emt 00:00:11]} 30. Bf1
{[%clk 00:01:22]  [%emt 00:00:05]} 30... Bxc6 {[%clk 00:03:16]  [%emt 00:00:05]
} 31. dxc6 {[%clk 00:00:47]  [%emt 00:00:38]} 31... Qxc6 {[%clk 00:03:17]} 32.
Bg2 {[%clk 00:00:48]  [%emt 00:00:07]} 32... Qd7 {
[%clk 00:02:50]  [%emt 00:00:28]} 33. Bd5 {[%clk 00:00:29]  [%emt 00:00:21]}
33... Ne5 {[%clk 00:02:19]  [%emt 00:00:36]} 34. Kg2 {
[%clk 00:00:28]  [%emt 00:00:06]} 34... Rc8 {[%clk 00:02:06]  [%emt 00:00:12]}
35. Ra1 {[%clk 00:00:20]  [%emt 00:00:13]} 35... g6 {
[%clk 00:01:51]  [%emt 00:00:16]} 36. Ra2 {[%clk 00:00:14]  [%emt 00:00:09]}
36... h5 {[%clk 00:01:48]  [%emt 00:00:07]} 37. Qe4 {
[%clk 00:00:06]  [%emt 00:00:10]} 37... Kg7 {[%clk 00:01:43]  [%emt 00:00:10]}
38. Qd4 {[%clk 00:00:08]} 38... Kh7 {[%clk 00:01:45]} 39. Qe4 {
[%clk 00:00:06]  [%emt 00:00:05]} 39... Rc7 {[%clk 00:01:44]  [%emt 00:00:07]}
40. Ra6 {[%clk 00:00:06]  [%emt 00:00:04]} 40... Qd8 {
[%clk 00:01:34]  [%emt 00:00:09]} 41. Bb3 {[%clk 00:00:05]  [%emt 00:00:05]}
41... Qf6 {[%clk 00:01:34]  [%emt 00:00:11]} 42. Qd5 {[%clk 00:00:06]} 42...
Rd7 {[%clk 00:01:24]  [%emt 00:00:09]} 43. Qxb5 {[%clk 00:00:07]} 43... Qf3+ {
[%clk 00:01:25]  [%emt 00:00:08]} 44. Kg1 {[%clk 00:00:09]} 44... Rc7 {
[%clk 00:01:24]} 45. Bd5 {[%clk 00:00:09]  [%emt 00:00:04]} 45... Rc1+ {
[%emt 00:00:24]} 0-1

[Event "II Open Internacional Blitz Quart de Pob"]
[Site "Quart de Poblet, Spain"]
[Date "2019.08.10"]
[Round "8.2"]
[White "Ballester Llagaria, Luis Eduardo"]
[Black "Granero Roca, Antonio"]
[Result "1-0"]
[WhiteElo "2291"]
[BlackElo "2393"]
[PlyCount "107"]
[EventDate "2019.??.??"]

1. e4 {[%clk 00:07:05]} 1... c5 {[%clk 00:07:05]} 2. Nc3 {
[%clk 00:07:06]  [%emt 00:00:03]} 2... Nc6 {[%clk 00:07:07]} 3. Bb5 {
[%clk 00:07:08]} 3... d6 {[%clk 00:07:07]} 4. f4 {
[%clk 00:06:54]  [%emt 00:00:19]} 4... Bd7 {[%clk 00:07:08]  [%emt 00:00:10]}
5. Nf3 {[%clk 00:06:47]} 5... Nf6 {[%clk 00:07:06]  [%emt 00:00:04]} 6. O-O {
[%clk 00:06:38]  [%emt 00:00:23]} 6... e6 {[%clk 00:07:08]} 7. e5 {
[%clk 00:06:24]  [%emt 00:00:05]} 7... Nd5 {[%clk 00:06:57]  [%emt 00:00:27]}
8. Nxd5 {[%clk 00:06:04]  [%emt 00:00:12]} 8... exd5 {
[%clk 00:06:59]  [%emt 00:00:03]} 9. Qe1 {[%clk 00:06:05]} 9... dxe5 {
[%clk 00:06:34]  [%emt 00:00:26]} 10. fxe5 {[%clk 00:05:04]  [%emt 00:01:11]}
10... Be7 {[%clk 00:06:28]  [%emt 00:00:09]} 11. d3 {
[%clk 00:04:56]  [%emt 00:00:07]} 11... O-O {[%clk 00:06:09]  [%emt 00:00:19]}
12. Qg3 {[%clk 00:04:58]  [%emt 00:00:22]} 12... Kh8 {[%clk 00:06:00]} 13. c3 {
[%clk 00:04:33]  [%emt 00:00:25]} 13... a6 {[%clk 00:05:48]  [%emt 00:00:09]}
14. Ba4 {[%clk 00:04:34]  [%emt 00:00:11]} 14... Be6 {
[%clk 00:05:25]  [%emt 00:00:17]} 15. Bg5 {[%clk 00:04:07]  [%emt 00:00:30]}
15... Bxg5 {[%clk 00:05:09]  [%emt 00:00:35]} 16. Nxg5 {[%clk 00:04:09]} 16...
h6 {[%clk 00:04:43]  [%emt 00:00:15]} 17. Nxe6 {
[%clk 00:03:37]  [%emt 00:00:38]} 17... fxe6 {[%clk 00:04:45]  [%emt 00:00:03]}
18. Bxc6 {[%clk 00:03:10]  [%emt 00:00:24]} 18... bxc6 {
[%clk 00:04:46]  [%emt 00:00:33]} 19. Rxf8+ {[%clk 00:03:03]} 19... Qxf8 {
[%clk 00:04:48]} 20. Qg6 {[%clk 00:02:41]  [%emt 00:00:07]} 20... Qe8 {
[%clk 00:04:33]  [%emt 00:00:16]} 21. Qg4 {[%clk 00:02:33]  [%emt 00:00:11]}
21... Rb8 {[%clk 00:03:46]  [%emt 00:00:51]} 22. b3 {
[%clk 00:02:34]  [%emt 00:00:33]} 22... Rb7 {[%clk 00:03:47]} 23. Rf1 {
[%clk 00:02:27]  [%emt 00:00:03]} 23... Rf7 {[%clk 00:03:49]} 24. Rf3 {
[%clk 00:02:16]} 24... Rxf3 {[%clk 00:03:47]  [%emt 00:00:08]} 25. gxf3 {
[%clk 00:02:01]  [%emt 00:00:11]} 25... Qf7 {[%clk 00:03:48]  [%emt 00:00:06]}
26. c4 {[%clk 00:01:57]  [%emt 00:00:20]} 26... Kg8 {
[%clk 00:03:40]  [%emt 00:00:03]} 27. f4 {[%clk 00:01:56]} 27... Kf8 {
[%clk 00:03:40]} 28. Kf2 {[%clk 00:01:58]} 28... Ke7 {[%clk 00:03:41]} 29. Kg3
{[%clk 00:01:49]  [%emt 00:00:14]} 29... Kd7 {[%clk 00:03:41]  [%emt 00:00:13]}
30. h4 {[%clk 00:01:49]} 30... g6 {[%clk 00:03:36]} 31. Kf2 {
[%clk 00:01:48]  [%emt 00:00:06]} 31... Kc7 {[%clk 00:03:37]  [%emt 00:00:04]}
32. Ke3 {[%clk 00:01:44]  [%emt 00:00:04]} 32... Kb6 {[%clk 00:03:39]} 33. Kd2
{[%clk 00:01:41]  [%emt 00:00:12]} 33... Ka5 {[%clk 00:03:32]  [%emt 00:00:04]}
34. Kc2 {[%clk 00:01:26]  [%emt 00:00:18]} 34... Kb6 {
[%clk 00:03:23]  [%emt 00:00:09]} 35. Kd2 {[%clk 00:01:27]  [%emt 00:00:13]}
35... Kc7 {[%clk 00:03:09]  [%emt 00:00:05]} 36. Ke3 {
[%clk 00:01:23]  [%emt 00:00:42]} 36... Kd7 {[%clk 00:03:04]} 37. Kd2 {
[%clk 00:01:25]} 37... a5 {[%clk 00:02:43]  [%emt 00:00:08]} 38. Ke3 {
[%clk 00:01:26]} 38... Ke7 {[%clk 00:02:33]  [%emt 00:00:05]} 39. Kf3 {
[%clk 00:01:27]  [%emt 00:00:38]} 39... a4 {[%clk 00:02:12]} 40. bxa4 {
[%clk 00:01:04]  [%emt 00:00:13]} 40... Kd7 {[%clk 00:02:15]  [%emt 00:00:08]}
41. a5 {[%clk 00:00:55]  [%emt 00:00:04]} 41... Kc7 {
[%clk 00:02:17]  [%emt 00:00:24]} 42. Qg1 {[%clk 00:00:33]  [%emt 00:00:09]}
42... Qf5 {[%clk 00:02:10]  [%emt 00:00:06]} 43. Ke3 {
[%clk 00:00:17]  [%emt 00:00:16]} 43... Kb7 {[%clk 00:02:03]  [%emt 00:00:13]}
44. Qb1+ {[%clk 00:00:19]  [%emt 00:00:20]} 44... Kc8 {
[%clk 00:02:00]  [%emt 00:00:04]} 45. Qb6 {[%clk 00:00:15]} 45... d4+ {
[%clk 00:01:42]  [%emt 00:00:09]} 46. Kd2 {[%clk 00:00:10]  [%emt 00:00:10]}
46... Qxf4+ {[%emt 00:00:07]} 47. Kc2 Qxe5 {[%clk 00:01:31]  [%emt 00:00:07]}
48. Qxc6+ {[%clk 00:00:11]  [%emt 00:00:03]} 48... Kd8 {[%clk 00:01:33]} 49.
Qb6+ {[%clk 00:00:10]  [%emt 00:00:05]} 49... Ke7 {
[%clk 00:01:34]  [%emt 00:00:04]} 50. Qb7+ {[%clk 00:00:11]} 50... Kf6 {
[%clk 00:01:28]  [%emt 00:00:21]} 51. Qf3+ {[%clk 00:00:13]} 51... Ke7 {
[%clk 00:01:25]} 52. a6 {[%clk 00:00:15]} 52... Qh2+ {[%clk 00:01:22]} 53. Kb3
{[%clk 00:00:17]} 53... Qb8+ {[%clk 00:01:24]} 54. Qb7+ {[%emt 00:00:26]} 1-0

[Event "II Open Internacional Blitz Quart de Pob"]
[Site "Quart de Poblet, Spain"]
[Date "2019.08.10"]
[Round "8.3"]
[White "Castella Garcia, Fausto"]
[Black "Galvan, Jesus"]
[Result "1/2-1/2"]
[WhiteElo "2279"]
[BlackElo "2200"]
[PlyCount "89"]
[EventDate "2019.??.??"]

1. e4 {[%clk 00:07:05]} 1... d6 {[%clk 00:07:02]  [%emt 00:00:08]} 2. d4 {
[%clk 00:07:07]} 2... Nf6 {[%clk 00:07:04]} 3. Nc3 {
[%clk 00:07:02]  [%emt 00:00:08]} 3... e5 {[%clk 00:07:05]} 4. Nge2 {
[%emt 00:00:30]} 4... Be7 {[%clk 00:06:40]  [%emt 00:00:12]} 5. g3 {
[%clk 00:06:51]  [%emt 00:00:03]} 5... O-O {[%clk 00:06:28]  [%emt 00:00:14]}
6. Bg2 {[%clk 00:06:53]  [%emt 00:00:03]} 6... exd4 {[%emt 00:00:20]} 7. Nxd4 {
[%clk 00:06:52]  [%emt 00:00:31]} 7... Re8 {[%clk 00:06:09]} 8. O-O {
[%clk 00:06:51]  [%emt 00:00:03]} 8... Nbd7 {[%clk 00:06:04]} 9. Re1 {
[%clk 00:06:18]  [%emt 00:00:21]} 9... Bf8 {[%clk 00:06:04]  [%emt 00:00:20]}
10. b3 {[%clk 00:06:07]  [%emt 00:00:04]} 10... a5 {
[%clk 00:05:54]  [%emt 00:00:13]} 11. Bb2 {[%clk 00:06:06]} 11... Nc5 {
[%clk 00:05:56]} 12. a3 {[%emt 00:00:28]} 12... c6 {[%clk 00:05:42]} 13. Qd2 {
[%emt 00:00:32]} 13... a4 {[%emt 00:00:03]} 14. b4 {[%clk 00:05:51]} 14... Ncd7
{[%clk 00:05:25]} 15. Nf5 {[%clk 00:05:03]  [%emt 00:00:47]} 15... Nb6 {
[%clk 00:05:01]  [%emt 00:00:27]} 16. Qg5 {[%clk 00:04:42]  [%emt 00:00:25]}
16... Bxf5 {[%clk 00:04:47]  [%emt 00:00:17]} 17. Qxf5 {
[%clk 00:04:24]  [%emt 00:01:00]} 17... Nc4 {[%clk 00:04:23]} 18. Bc1 {
[%clk 00:04:20]  [%emt 00:00:05]} 18... g6 {[%clk 00:04:25]} 19. Qf3 {
[%clk 00:04:13]  [%emt 00:00:08]} 19... Bg7 {[%clk 00:04:22]} 20. Qd3 {
[%clk 00:02:02]  [%emt 00:02:12]} 20... b5 {[%clk 00:04:10]  [%emt 00:00:15]}
21. Bf4 {[%clk 00:01:45]  [%emt 00:00:20]} 21... Nh5 {
[%clk 00:03:55]  [%emt 00:00:20]} 22. Bd2 {[%clk 00:01:37]  [%emt 00:00:35]}
22... Qf6 {[%clk 00:03:22]  [%emt 00:00:13]} 23. Ne2 {
[%clk 00:01:28]  [%emt 00:00:19]} 23... Nxd2 {[%clk 00:03:15]  [%emt 00:00:04]}
24. Qxd2 {[%clk 00:01:29]} 24... Qe6 {[%clk 00:02:43]  [%emt 00:00:49]} 25.
Rab1 {[%clk 00:00:56]  [%emt 00:00:20]} 25... Rad8 {
[%clk 00:02:34]  [%emt 00:00:24]} 26. Bf3 {[%clk 00:00:51]  [%emt 00:00:04]}
26... Nf6 {[%clk 00:02:35]} 27. Nd4 {[%clk 00:00:44]  [%emt 00:00:04]} 27...
Qd7 {[%clk 00:02:33]  [%emt 00:00:12]} 28. c4 {[%clk 00:00:29]  [%emt 00:00:11]
} 28... h5 {[%clk 00:02:18]  [%emt 00:00:18]} 29. Qc2 {
[%clk 00:00:23]  [%emt 00:00:09]} 29... Ng4 {[%clk 00:02:12]  [%emt 00:00:12]}
30. Rbd1 {[%clk 00:00:21]  [%emt 00:00:08]} 30... Ne5 {
[%clk 00:00:50]  [%emt 00:01:22]} 31. cxb5 {[%clk 00:00:21]  [%emt 00:00:04]}
31... cxb5 {[%clk 00:00:48]  [%emt 00:00:03]} 32. Bg2 {
[%clk 00:00:20]  [%emt 00:00:05]} 32... Rc8 {[%clk 00:00:49]  [%emt 00:00:03]}
33. Qe2 {[%clk 00:00:19]  [%emt 00:00:03]} 33... Nc4 {
[%clk 00:00:49]  [%emt 00:00:07]} 34. Rd3 {[%clk 00:00:18]  [%emt 00:00:13]}
34... d5 {[%clk 00:00:44]} 35. Nc2 {[%clk 00:00:11]  [%emt 00:00:06]} 35... d4
{[%clk 00:00:23]  [%emt 00:00:20]} 36. e5 {[%clk 00:00:05]  [%emt 00:00:18]}
36... Nxe5 {[%clk 00:00:20]  [%emt 00:00:03]} 37. Rxd4 {[%clk 00:00:06]} 37...
Qc7 {[%clk 00:00:16]  [%emt 00:00:07]} 38. Re4 {[%emt 00:00:07]} 38... Qxc2 {
[%clk 00:00:16]  [%emt 00:00:07]} 39. f4 {[%clk 00:00:09]} 39... Qxe2 {
[%clk 00:00:17]} 40. R4xe2 {[%clk 00:00:11]} 40... Rc3 {
[%clk 00:00:16]  [%emt 00:00:03]} 41. fxe5 {[%clk 00:00:08]  [%emt 00:00:04]}
41... Rxa3 {[%clk 00:00:18]} 42. Bc6 {[%clk 00:00:09]  [%emt 00:00:11]} 42...
Re7 {[%clk 00:00:20]} 43. Bxb5 {[%clk 00:00:11]} 43... Rb3 {
[%clk 00:00:21]  [%emt 00:00:03]} 44. Bxa4 {[%clk 00:00:13]} 44... Rxb4 {
[%clk 00:00:24]} 45. Bc2 {[%clk 00:00:13]} 1/2-1/2

[Event "II Open Internacional Blitz Quart de Pob"]
[Site "Quart de Poblet, Spain"]
[Date "2019.08.10"]
[Round "8.4"]
[White "Martin Ayala, David"]
[Black "Toledano Llinares, Juan A"]
[Result "0-1"]
[WhiteElo "2058"]
[BlackElo "2249"]
[PlyCount "80"]
[EventDate "2019.??.??"]

1. Nf3 {[%clk 00:07:04]  [%emt 00:00:03]} 1... d5 {
[%clk 00:06:58]  [%emt 00:00:05]} 2. d4 {[%clk 00:07:06]} 2... c6 {
[%clk 00:07:00]  [%emt 00:00:36]} 3. c3 {[%clk 00:07:07]} 3... Bg4 {
[%clk 00:06:57]} 4. Bf4 {[%clk 00:07:03]  [%emt 00:00:04]} 4... Nd7 {
[%clk 00:06:56]} 5. Nbd2 e6 {[%clk 00:06:58]} 6. e3 {
[%clk 00:06:58]  [%emt 00:00:03]} 6... Ngf6 {[%clk 00:06:59]} 7. Bd3 {
[%clk 00:06:55]  [%emt 00:00:08]} 7... Be7 {[%clk 00:06:55]} 8. h3 {
[%clk 00:06:50]  [%emt 00:00:07]} 8... Bh5 {[%clk 00:06:57]} 9. Qc2 {
[%clk 00:06:32]  [%emt 00:00:20]} 9... Bg6 {[%clk 00:06:55]  [%emt 00:00:08]}
10. O-O-O {[%clk 00:06:23]  [%emt 00:00:18]} 10... a5 {
[%clk 00:06:40]  [%emt 00:00:12]} 11. Rdg1 {[%clk 00:06:05]  [%emt 00:00:46]}
11... a4 {[%clk 00:06:41]} 12. g4 {[%clk 00:05:56]} 12... c5 {
[%clk 00:06:31]  [%emt 00:00:18]} 13. h4 {[%clk 00:05:32]  [%emt 00:00:08]}
13... Bxd3 {[%clk 00:06:26]  [%emt 00:00:34]} 14. Qxd3 {[%clk 00:05:33]} 14...
c4 {[%clk 00:06:28]} 15. Qc2 {[%clk 00:05:03]  [%emt 00:00:41]} 15... a3 {
[%clk 00:06:30]} 16. b4 {[%clk 00:04:50]  [%emt 00:00:04]} 16... cxb3 {
[%clk 00:06:31]} 17. Nxb3 {[%clk 00:04:52]} 17... Ne4 {[%clk 00:06:31]} 18. Rd1
{[%clk 00:02:21]  [%emt 00:02:21]} 18... Nxc3 {[%clk 00:06:29]  [%emt 00:00:17]
} 19. Qxc3 {[%emt 00:00:09]} 19... Rc8 20. Qxc8 {[%clk 00:02:22]} 20... Qxc8+ {
[%clk 00:06:34]} 21. Kd2 {[%clk 00:02:23]} 21... Bb4+ {
[%clk 00:06:23]  [%emt 00:00:13]} 22. Ke2 {[%clk 00:02:09]  [%emt 00:00:06]}
22... Qc4+ {[%clk 00:06:24]  [%emt 00:00:10]} 23. Rd3 {
[%clk 00:02:05]  [%emt 00:00:07]} 23... Qc2+ {[%clk 00:06:26]} 24. Nfd2 {
[%clk 00:02:06]} 24... Bxd2 {[%clk 00:04:19]  [%emt 00:02:07]} 25. Rxd2 {
[%clk 00:02:06]  [%emt 00:00:03]} 25... Qg6 {[%clk 00:04:10]  [%emt 00:00:10]}
26. f3 {[%clk 00:02:02]  [%emt 00:00:33]} 26... O-O {
[%clk 00:03:55]  [%emt 00:00:08]} 27. Bd6 {[%clk 00:01:51]  [%emt 00:00:03]}
27... Rc8 {[%clk 00:03:56]} 28. Bxa3 {[%clk 00:01:38]  [%emt 00:00:17]} 28...
e5 {[%clk 00:03:42]  [%emt 00:00:16]} 29. Rc1 {[%clk 00:01:27]  [%emt 00:00:17]
} 29... Rxc1 {[%clk 00:03:42]  [%emt 00:00:08]} 30. Nxc1 {[%clk 00:01:25]}
30... e4 {[%clk 00:03:45]} 31. g5 {[%clk 00:00:37]  [%emt 00:00:47]} 31...
exf3+ {[%clk 00:03:45]  [%emt 00:00:06]} 32. Kxf3 {[%clk 00:00:38]} 32... Qe4+
{[%clk 00:03:46]  [%emt 00:00:03]} 33. Ke2 {[%clk 00:00:40]} 33... Qxh4 {
[%clk 00:03:39]  [%emt 00:00:12]} 34. Rc2 {[%clk 00:00:42]} 34... Nb6 {
[%clk 00:03:27]  [%emt 00:00:12]} 35. Nd3 {[%clk 00:00:36]  [%emt 00:00:30]}
35... Nc4 {[%clk 00:03:26]} 36. Nf4 {[%clk 00:00:24]  [%emt 00:00:17]} 36...
Qxg5 {[%clk 00:03:13]  [%emt 00:00:17]} 37. Bc1 {
[%clk 00:00:16]  [%emt 00:00:03]} 37... Qg4+ {[%clk 00:02:55]  [%emt 00:00:09]}
38. Kd3 {[%clk 00:00:08]  [%emt 00:00:22]} 38... Qf5+ {[%clk 00:02:56]} 39. Kc3
{[%clk 00:00:06]} 39... h5 {[%clk 00:02:31]  [%emt 00:00:58]} 40. Rh2 g6 0-1